000 00882nam a2200193Ia 4500
003 GCL
005 20240530103421.0
008 140319s9999 xx 000 0 ara d
040 _aGCL /
_cGCL
082 0 4 _a415.5
_bا م
100 1 _aابى الفتح عثمان بن جنى النحوى
245 1 0 _aالمنصف : شرح الامام ابى الفتح عثمان بن جنى النحوى لكتاب التصريف للامام ابى عثمان المازنى النحوى البصرى /
_cابى الفتح عثمان بن جنى النحوى
260 _aالقاهرة :
_bوزراة المعارف العمومية - ادارة احياء التراث القديم ،
_c1954
300 _aمتعدد ص ؛
_b24 سم
650 0 4 _aاللغة العربية - الصرف
700 1 _aعبدالله امين
700 1 _aابراهيم مصطفى
942 _2ddc
_cBK
999 _c39205
_d39205